LEADER 01346nam a2200313 a 4500 001 000000159625 003 CaOOAMICUS 005 20180417150532.0 008 170323s2010 fr u000 u fre r 020 $a978-2-8185-0211-2* 032 $aLibriCat 040 $aPUL$bita 082 04$a305.5 100 1 $aGirard, René,$cS.I.,$d1923-$0(OLS)http://pul/name/39005 245 14$aLes origines de la culture :$bentretiens avec Pierpaolo Antonello et João Cezar de Castro Rocha /$cRené Girard. 260 $aParis :$bFayard/Pluriel,$c2010. 300 $a280 p. ;$c18 cm. 490 1 $aPluriel 504 $aBibliografia a piè pagina. 650 4$aCultura$xStoria.$0(OLS)http://pul/subject/12202 830 0$aPluriel (Fayard).$0(OLS)http://pul/title/207061 850 $aPUL 852 $aPUL$W1$xSL Diritto e Scienze Sociali 3$y79$m305. 5 GIRRE 1$j183092$qDDC 21$B186298$CPULBib$Z2$F186298 $H129153 $81 941 1 $a9 996 $6020$a978-2-8185-0211-2*$9(OLS)http://pul/number/162257 996 $6082$a305.5$9(OLS)http://pul/classification/376 996 $6245$aLes origines de la culture :$bentretiens avec Pierpaolo Antonello et Jo?ao Cezar de Castro Rocha$9(OLS)http://pul/title/199250 996 $6260$aParis :$bFayard/Pluriel$9(OLS)http://pul/publisher/86166 LEADER 01271namaa2200313 a 4500 001 000000177075 003 CaOOAMICUS 005 20241014133710.0 008 240716s2023 it u000 u ita r 020 $a978-88-921-4570-2* 032 $aLibriCat 040 $aPUL$bita 082 14$a344.01 100 1 $aPerulli, Adalberto,$d1961-$0(OLS)http://pul/name/110450 245 10$aDiritto internazionale del lavoro /$cAdalberto Perulli ; Vania Brino. 250 $a3a edizione 260 $aTorino :$bGiappichelli,$c2023. 300 $aXI, 272 pagine ;$c24 cm 504 $aContiene riferimenti bibliografici. 650 4$aDiritto internazionale del lavoro.$0(OLS)http://pul/subject/29452 700 1 $aBrino, Vania.$0(OLS)http://pul/name/113842 850 $aPUL 852 $aPUL$W1$xSL Diritto e Scienze Sociali 3$y79$m344. 01 PERAD 1$j201071$qDDC 21$B206033$CPULBib$Z2$F206033 $H137299 $82 941 1 $a9 996 $6020$a978-88-921-4570-2*$9(OLS)http://pul/number/169937 996 $6082$a344.01$9(OLS)http://pul/classification/1870 996 $6245$aDiritto internazionale del lavoro$9(OLS)http://pul/title/218596 996 $6260$aTorino :$bGiappichelli$9(OLS)http://pul/publisher/48244